Tecnología WDM
Guardado en:
| Autor principal: | |
|---|---|
| Formato: | Libro |
| Publicado: |
[San José, Costa Rica]
2006
|
| Materias: | |
| Etiquetas: |
Agregar Etiqueta
Sin Etiquetas, Sea el primero en etiquetar este registro!
|
MARC
| LEADER | 00000nam a2200000Ia 4500 | ||
|---|---|---|---|
| 003 | 009880 | ||
| 005 | 20221231144110.0 | ||
| 008 | 140114s2006 cr a 000 ||s d | ||
| 040 | |c cru CEDI | ||
| 090 | |a TFG 5407 | ||
| 100 | |a Vargas Gutiérrez, Marco V. |9 4962 | ||
| 245 | |a Tecnología WDM | ||
| 260 | |c 2006 |b [San José, Costa Rica] | ||
| 300 | |a xii, 74 hojas; ilustraciones, 1 mapa | ||
| 500 | |a Proyecto de graduación (bachiller en ingeniería eléctrica)--Universidad de Costa Rica. Facultad de Ingeniería. Escuela de Ingeniería Eléctrica | ||
| 650 | |x COMUNICACIONES OPTICAS |x FIBRA OPTICA |x SISTEMAS DE COMUNICACION |x REDES DE OPTICA DE FIBRA |9 4963 | ||
| 942 | |c TFG | ||
| 999 | |c 16868 |d 16868 | ||
